Dubai real estate market overview (Record no. 84179)
[ view plain ]
| 000 -LEADER | |
|---|---|
| fixed length control field | 01273cad a22002175a 4500 |
| 001 - CONTROL NUMBER | |
| control field | L156851 |
| 008 - FIXED-LENGTH DATA ELEMENTS--GENERAL INFORMATION | |
| fixed length control field | 120720s2012 xxk 000 0 eng d |
| 035 ## - SYSTEM CONTROL NUMBER | |
| System control number | (Sirsi) u156851 |
| 041 0# - LANGUAGE CODE | |
| Language code of text/sound track or separate title | eng |
| 110 2# - MAIN ENTRY--CORPORATE NAME | |
| Corporate name or jurisdiction name as entry element | Jones Lang LaSalle |
| 9 (RLIN) | 3755 |
| 245 00 - TITLE STATEMENT | |
| Title | Dubai real estate market overview |
| Remainder of title | Q2 2012 |
| 260 ## - PUBLICATION, DISTRIBUTION, ETC. | |
| Place of publication, distribution, etc. | [S.I.] |
| Name of publisher, distributor, etc. | JLL |
| Date of publication, distribution, etc. | 2012 |
| 490 #0 - SERIES STATEMENT | |
| Series statement | Jones Lang LaSalle Dubai Real Estate Market Overview |
| Volume/sequential designation | Q2 2012 |
| 520 ## - SUMMARY, ETC. | |
| Summary, etc. | Shows a widening gap between prime property performance in each sector and the rest of the market. Hotel, residential and retail sectors continue to see improved performance in selected areas but improvement is not yet being experienced across the broader market. The office sector is lagging behind: prime property rents and occupancies have stabilised but continue to decline in secondary property in the face of excess supply. Provides market highlights and talking points, and covers activity in the office, residential, retail, and hotel sectors. |
| 590 ## - LOCAL NOTE (RLIN) | |
| Local note | NTK KA |
| 651 #4 - SUBJECT ADDED ENTRY--GEOGRAPHIC NAME | |
| Geographic name | Dubai |
| 690 ## - LOCAL SUBJECT ADDED ENTRY--TOPICAL TERM (OCLC, RLIN) | |
| Topical term or geographic name as entry element | Commercial property |
| 9 (RLIN) | 6227 |
| 690 ## - LOCAL SUBJECT ADDED ENTRY--TOPICAL TERM (OCLC, RLIN) | |
| Topical term or geographic name as entry element | Residential property |
| 9 (RLIN) | 6266 |
| 856 40 - ELECTRONIC LOCATION AND ACCESS | |
| Uniform Resource Identifier | <a href="https://www.joneslanglasalle-mena.com/ResearchLevel1/JLL_DXB%20RE%20MKT%20OVERVIEW_Q2%202012.pdf">https://www.joneslanglasalle-mena.com/ResearchLevel1/JLL_DXB%20RE%20MKT%20OVERVIEW_Q2%202012.pdf</a> |
| Public note | View the report at www.joneslanglasalle-mena.com |
| 942 ## - ADDED ENTRY ELEMENTS (KOHA) | |
| Suppress in OPAC | 0 |
| Withdrawn status | Lost status | Source of classification or shelving scheme | Damaged status | Not for loan | Home library | Current library | Shelving location | Date acquired | Total Checkouts | Full call number | Barcode | Date last seen | Copy number | Price effective from | Koha item type |
|---|---|---|---|---|---|---|---|---|---|---|---|---|---|---|---|
| Dewey Decimal Classification | Virtual | Virtual | Online | 20/07/2012 | ONLINE PUBLICATION | 156851-2001 | 06/08/2019 | 1 | 06/08/2019 | Book |